000 00437nam a2200169Ia 4500
005 20260330110338.0
008 260330s9999||||xx |||||||||||||| ||und||
020 _a9789588774022
041 _aspa
100 _aGarcia Marquez, Gabriel
245 0 _aLos Funerales De La Mama Grande /
_cGabriel Garcia Marquez
250 _a1 ed.
260 _aBogotá :
_bEditorial Norma.
_c2012
300 _a113 p.
650 _aNOVELA
942 _cBKL
999 _c385
_d385